Conversaciones,1972-1990 (Registro nro. 488085)

Detalles MARC
001 - NÚMERO DE CONTROL
campo de control 1123589
005 - FECHA Y HORA DE LA ÚLTIMA TRANSACCIÓN
campo de control 20260507085631.0
008 - DATOS DE LONGITUD FIJA--INFORMACIÓN GENERAL
campo de control de longitud fija 090210s2006 spa
020 ## - NÚMERO INTERNACIONAL ESTÁNDAR DEL LIBRO
Número Internacional Estándar del Libro 848191021X
035 ## - NÚMERO DE CONTROL DEL SISTEMA
Número de control de sistema 1123589
035 ## - NÚMERO DE CONTROL DEL SISTEMA
Número de control de sistema (OCoLC)777274945
040 ## - FUENTE DE LA CATALOGACIÓN
Centro/agencia transcriptor comduadb
041 ## - CÓDIGO DE LENGUA
Código de lengua del texto/banda sonora o título independiente spa
082 #4 - NÚMERO DE LA CLASIFICACIÓN DECIMAL DEWEY
Número de clasificación 194
100 10 - ENTRADA PRINCIPAL--NOMBRE DE PERSONA
Nombre de persona Deleuze, Gilles,
Fechas asociadas al nombre 1925-1995
Código de función aut
Número de control del registro de autoridad o número normalizado (isni)0000 0001 2277 323X
-- (viaf)22140703
Término indicativo de función/relación Autor/a
9 (RLIN) 504264
245 10 - MENCIÓN DE TÍTULO
Título Conversaciones,1972-1990
250 ## - MENCIÓN DE EDICIÓN
Mención de edición 4. ed.
260 ## - PUBLICACIÓN, DISTRIBUCIÓN, ETC.
Lugar de publicación, distribución, etc. Barcelona :
Nombre del editor, distribuidor, etc. Pre-Textos,
Fecha de publicación, distribución, etc. 2006.
300 ## - DESCRIPCIÓN FÍSICA
Extensión 290 páginas
650 #0 - PUNTO DE ACCESO ADICIONAL DE MATERIA--TÉRMINO DE MATERIA
Término de materia o nombre geográfico como elemento de entrada Cine
9 (RLIN) 43537
650 #7 - PUNTO DE ACCESO ADICIONAL DE MATERIA--TÉRMINO DE MATERIA
Término de materia o nombre geográfico como elemento de entrada Complejo de Edipo
Fuente del encabezamiento o término lemb
9 (RLIN) 1004
650 #7 - PUNTO DE ACCESO ADICIONAL DE MATERIA--TÉRMINO DE MATERIA
Término de materia o nombre geográfico como elemento de entrada Filosofía francesa
Fuente del encabezamiento o término lemb
9 (RLIN) 551
650 ## - PUNTO DE ACCESO ADICIONAL DE MATERIA--TÉRMINO DE MATERIA
Término de materia o nombre geográfico como elemento de entrada Foucault, Michel, 1926-1984 - Pensamiento político y social
9 (RLIN) 41566
700 10 - ENTRADA AGREGADA--NOMBRE PERSONAL
Nombre de persona Pardo, José Luis,
Fechas asociadas al nombre 1954-
Código de función trl
Número de control del registro de autoridad o número normalizado (isni)0000 0001 2122 3789
-- (viaf)17280880
Término indicativo de función/relación Traductor/a
9 (RLIN) 510700
942 ## - ELEMENTOS DE ENTRADA AGREGADA (KOHA)
Tipo de ítem Koha Libros
Existencias
Estado de retiro Estado de pérdida Estado dañado No para préstamo Código de colección Localización permanente Ubicación/localización actual Fecha de adquisición Fuente de adquisición Coste, precio normal de compra Número de inventario Total de préstamos Signatura topográfica completa Código de barras Fecha de vencimiento Fecha visto por última vez Fecha del último préstamo Número de copia Precio válido a partir de Tipo de ítem Koha
        Colección General Piso 2 Biblioteca Carlos Gaviria Díaz, Campus Medellín Biblioteca Carlos Gaviria Díaz, Campus Medellín 10/02/2009 Mercaworld 177000.00 C1032433 6 194 D348c 2006 0687623 16/03/2026 12/02/2026 12/02/2026 1 28/04/2023 Libros